How How Many People have Achieved these Things? - Statistics

General Stats
  • This quiz has been taken 41 times
    9 since last reset
  • The average score is 3 of 9
Answer Stats
Hint Answer % Correct
Have been president of the USA 45
75%
Becoming a billionaire 2781
50%
Walked on the moon 12
38%
Hold 200+ World Records 1
25%
Giving birth to 10 baby's at once 3
25%
Climbed Mount Everest 7120
25%
Swum from Australia to New Zealand 0
13%
Visited every country in the world 450
13%
Jetpunk users with 1.000.000 quiz takes 85
13%
No matching quizzes found
Score Distribution
Percent of People with Each Score
Percentile by Number Answered
Your Score History
You have not taken this quiz since the last reset